| 000 | 00857nam a2200265Ia 4500 | ||
|---|---|---|---|
| 003 | OSt | ||
| 005 | 20220916110919.0 | ||
| 006 | a|||||r|||| 00| 0 | ||
| 007 | ta | ||
| 008 | 220915b |||||||| |||| 00| 0 hin d | ||
| 020 | _a8185999562 (hbk) | ||
| 024 | _a571 | ||
| 037 | _b459, 17/03/2008, University Book House | ||
| 037 | _cTextbook | ||
| 040 |
_bhin _aARTS _cARTS |
||
| 041 | _ahin | ||
| 082 | _aO152:g, P2-;2 | ||
| 100 | _aतिवारी, अजय | ||
| 245 | 0 | _aसाहित्य का वर्तमान | |
| 246 | _aSāhitya kā vartamāna | ||
| 260 |
_aदिल्ली _bस्वराज प्रकाशन भारत _c2002 |
||
| 300 |
_a205पृ0 _ccm. |
||
| 942 |
_hO152:g, P2-;2 _cTB _2CC |
||
| 999 |
_c101212 _d101212 |
||